Alfabet Morse'a z polskimi literami - Statystyki

Ogólne statystyki
  • Ten quiz został rozwiązany 344 razy
  • Średni wynik to 22 z 73
Statystyki odpowiedzi
Znak Kod Morse'a % Poprawnych
A .-
99%
E .
74%
B -...
72%
O ---
71%
C -.-.
70%
S ...
69%
I ..
65%
D -..
64%
N -.
64%
T -
64%
M --
63%
H ....
59%
K -.-
56%
G --.
55%
F ..-.
51%
R .-.
50%
J .---
48%
L .-..
48%
P .--.
47%
U ..-
45%
Z --..
45%
W .--
41%
5 .....
37%
Y -.--
36%
0 -----
36%
1 .----
36%
2 ..---
36%
3 ...--
36%
4 ....-
36%
6 -....
36%
7 --...
36%
8 ---..
36%
Ą .-.-
35%
9 ----.
35%
Q --.-
33%
X -..-
32%
SOS ...---...
31%
V ...-
30%
Ć -.-..
23%
Ó ---.
21%
Ę ..-..
17%
Ł .-..-
16%
Ź --..-
15%
Ś ...-...
13%
. (kropka) .-.-.-
13%
Ń --.--
12%
Ż --..-.
12%
Błąd ........
12%
CQD -.-.--.--..
10%
+ (plus) .-.-.
8%
, (przecinek) --..--
7%
' (apostrof) .----.
7%
" (cudzysłów) .-..-.
7%
_ (podkreślenie) ..--.-
7%
: (dwukropek) ---...
7%
; (średnik) -.-.-.
7%
! (wykrzyknik) -.-.--
7%
- (minus) -....-
7%
/ (ukośnik) -..-.
7%
( (nawias otwierający) -.--.
7%
) (nawias zamykający) -.--.-
7%
= (znak równości) -...-
7%
Prośba o powtórzenie ..--..
7%
? (pytajnik) ..--..
6%
@ (małpa) .--.-.
6%
Zrozumiano ...-.
6%
Czekaj .-...
6%
Początek kontaktu ...-...-...-
5%
Początek nadawania -.-.-
5%
Koniec kontaktu ...-.-
5%
Wezwanie -.-
5%
Koniec nadawania .-.-.
4%
Znak rozdziału .-..-
3%
Nie znaleziono quizów pasujących do podanych kryteriów
Rozkład punktacji
Procent ludzi z każdym wynikiem
Percentyl według liczby udzielonych odpowiedzi
Twoja historia wyników
Nie rozwiązałeś tego quizu